000 00247nam a22001097a 4500
082 _a030
_bPAR/M
100 _aPERSONS,JAYNE
245 _aMILLENIUM FAMILY ENCYCLOPEDIA
260 _aUK
_bDK LIMITED
650 _a FAMILY ENCYCLOPEDIA
_zUK
942 _cBK
999 _c1901
_d1901